| 000 | 00691 a2200181 4500 | ||
|---|---|---|---|
| 020 | _a0-19-515070-8 | ||
| 040 |
_aDLC _bDLC |
||
| 082 | _a501 | ||
| 082 | _a501 | ||
| 245 | 0 | 0 |
_aFrom complexity to life: on the emergence of life and meaning _bon the emergence of life and meaning _cedited by Niels Henrik Gregersen |
| 260 |
_aNew York : _bOxford University Press, _ccop. 2003 |
||
| 300 |
_a243 s. : _btab. |
||
| 500 | _aPubl. m. anledning av symposiet "Complexity, information and design: a critical appraisal", Santa Fe, New Mexico, okt 14-16, 1999. | ||
| 650 | 7 | _aReligion and science | |
| 650 | 7 | _aComplexity (Philosophy) | |
| 700 | 1 | _aGregersen, Niels Henrik, | |
| 942 |
_cBK _k501 GRE _2ddc |
||
| 999 |
_c7382 _d7382 |
||